01343nam a2200313Ia 4500001001200000003000800012006001900020007001500039008004100054010001700095020004300112040002100155035002100176050002300197245015200220260008100372300002700453490007500480500002000555533015200575650002900727650003700756655002900793700003100822700001600853710001700869856012600886999001701012ebr10325874CaPaEBRm u cr cn|||||||||090225s2009 enka s 001 0 eng d z 2009008259 z9780754664376 (hardcover : alk. paper) aCaPaEBRcCaPaEBR a(OCoLC)49509216614aPA227b.S73 2009eb00aStandard languages and language standardsh[electronic resource] :bGreek, past and present /cedited by Alexandra Georgakopoulou and Michael Silk. aFarnham, Surrey, England ;aBurlington, VT, USA :bAshgate Publ. Co.,c2009. axxviii, 367 p. :bill.0 aPublications of the Centre for Hellenic Studies, King's College London aIncludes index. aElectronic reproduction.bPalo Alto, Calif. :cebrary,d2009.nAvailable via World Wide Web.nAccess may be limited to ebrary affiliated libraries. 0aGreek languagexHistory. 0aGreek language, ModernxHistory. 7aElectronic books.2local1 aGeorgakopoulou, Alexandra.1 aSilk, M. S.2 aebrary, Inc.40uhttp://site.ebrary.com/lib/rucke/Doc?id=10325874zAn electronic book accessible through the World Wide Web; click to view c54165d54165